60 lễ hội truyền thống Việt Nam
Nội dung là công trình miêu tả khá toàn diện và có hệ thống 6 lễ hội truyền thống tiêu biểu ở các địa phương, của các dân tộc trên cả nước. ngoài phần lễ hội, cuốn sách còn có thêm phần câu ca trong hội hè và phần viết về các tr...
Saved in:
| Main Author: | |
|---|---|
| Format: | Book |
| Language: | Undetermined |
| Published: |
Thành phố Hồ Chí Minh
Tổng hợp Thành phố Hồ Chí Minh
2015
|
| Subjects: | |
| Tags: |
Add Tag
No Tags, Be the first to tag this record!
|
| Institutions: | Trung tâm Học liệu Trường Đại học Cần Thơ |
|---|
| LEADER | 01478nam a2200217Ia 4500 | ||
|---|---|---|---|
| 001 | CTU_206990 | ||
| 008 | 210402s9999 xx 000 0 und d | ||
| 020 | |c 95000 | ||
| 082 | |a 394.269597 | ||
| 082 | |b Ph561 | ||
| 100 | |a Thạch, Phương | ||
| 245 | 0 | |a 60 lễ hội truyền thống Việt Nam | |
| 245 | 0 | |c Thạch Phương, Lê Trung Vũ | |
| 260 | |a Thành phố Hồ Chí Minh | ||
| 260 | |b Tổng hợp Thành phố Hồ Chí Minh | ||
| 260 | |c 2015 | ||
| 520 | |a Nội dung là công trình miêu tả khá toàn diện và có hệ thống 6 lễ hội truyền thống tiêu biểu ở các địa phương, của các dân tộc trên cả nước. ngoài phần lễ hội, cuốn sách còn có thêm phần câu ca trong hội hè và phần viết về các trò diễn, trò chơi, cuộc thi tài trong lễ hội nhằm miêu tả cụ thể, chi tiết hơn bộ phận cấu thành không thể thiếu của lễ hội; đồng thời thông qua đó người đọc một lần nữa có cái nhìn hệ thống lại những trò diễn trong dân gian giữa các vùng miền trên cả nước. | ||
| 650 | |a Lễ hội dân gian,Folk festivals | ||
| 650 | |z Việt Nam,Vietnam | ||
| 904 | |i Tuyến | ||
| 980 | |a Trung tâm Học liệu Trường Đại học Cần Thơ | ||